[Event "BL2-West 1920"]
[Site "Germany"]
[Date "2020.03.01"]
[Round "7.4"]
[White "Schenderowitsch, Michael"]
[Black "Braga, Fernando Alberto"]
[Result "1/2-1/2"]
[WhiteElo "2334"]
[BlackElo "2404"]
[PlyCount "39"]
[EventDate "2019.09.19"]
[EventType "team-tourn"]
[EventRounds "9"]
[EventCountry "GER"]
[SourceTitle "EXT 2023"]
[Source "ChessBase"]
[SourceDate "2022.10.05"]
[SourceVersion "1"]
[SourceVersionDate "2022.10.05"]
[SourceQuality "1"]
[WhiteTeam "Koblenz SV"]
[BlackTeam "Aachen DJK"]
[WhiteTeamCountry "GER"]
[BlackTeamCountry "GER"]

1. d4 d5 2. c4 e6 3. Nc3 Nf6 4. cxd5 exd5 5. Bg5 Be7 6. e3 c6 7. Bd3 0-0 8. Qc2 Nbd7 9. Nf3 Re8 10. 0-0 Nf8 11. h3 g6 12. Ne5 N6d7 13. Bxe7 Qxe7 14. f4 f6 15. Ng4 h5 16. Nf2 f5 17. Rfe1 Nf6 18. Bf1 Be6 19. Nd3 Rac8 20. b4 1/2-1/2

[Event "BL2-West 1920"]
[Site "Germany"]
[Date "2020.02.09"]
[Round "6.5"]
[White "Maly, Alexey"]
[Black "Braga, Fernando Alberto"]
[Result "1-0"]
[WhiteElo "2362"]
[BlackElo "2412"]
[PlyCount "73"]
[EventDate "2019.09.19"]
[EventType "team-tourn"]
[EventRounds "9"]
[EventCountry "GER"]
[SourceTitle "EXT 2023"]
[Source "ChessBase"]
[SourceDate "2022.10.05"]
[SourceVersion "1"]
[SourceVersionDate "2022.10.05"]
[SourceQuality "1"]
[WhiteTeam "Siegburg"]
[BlackTeam "Aachen DJK"]
[WhiteTeamCountry "GER"]
[BlackTeamCountry "GER"]

1. d4 d5 2. c4 e6 3. Nf3 Nf6 4. e3 c5 5. dxc5 Bxc5 6. a3 0-0 7. b4 Be7 8. Nbd2 a5 9. b5 b6 10. Bb2 Nbd7 11. Be2 Bb7 12. 0-0 Rc8 13. Rc1 Nc5 14. Qc2 dxc4 15. Bxc4 Nfe4 16. Rfd1 Nd6 17. Be2 f6 18. Qb1 e5 19. Nc4 Qc7 20. Nxd6 Bxd6 21. Bc4+ Kh8 22. Qf5 Be4 23. Qg4 Qe7 24. Nh4 g6 25. f3 Bb7 26. Ba2 e4 27. Qg5 Nd3 28. Rxc8 Bxc8 29. Qh6 Bf5 30. g4 Bf4 31. exf4 Qc5+ 32. Kg2 exf3+ 33. Kg3 Be4 34. Bd4 Qd6 35. Nxf3 Re8 36. Rxd3 Bxd3 37. Ng5 1-0

[Event "BL2-West 1819"]
[Site "Germany"]
[Date "2019.04.07"]
[Round "9.3"]
[White "Braga, Fernando Alberto"]
[Black "Popovic, Petar"]
[Result "1/2-1/2"]
[WhiteElo "2397"]
[BlackElo "2445"]
[PlyCount "28"]
[EventDate "2018.11.21"]
[EventType "team-tourn"]
[EventRounds "9"]
[EventCountry "GER"]
[SourceTitle "CBM 190 Extra"]
[Source "ChessBase"]
[SourceDate "2019.07.15"]
[SourceVersion "1"]
[SourceVersionDate "2019.07.15"]
[SourceQuality "1"]
[WhiteTeam "Aachen DJK II"]
[BlackTeam "Remagen Sinzig"]
[WhiteTeamCountry "GER"]
[BlackTeamCountry "GER"]

1. d4 Nf6 2. c4 g6 3. Nf3 Bg7 4. g3 c6 5. Bg2 d5 6. 0-0 0-0 7. b3 Bf5 8. Bb2 a5 9. Nc3 Ne4 10. Nh4 Nxc3 11. Bxc3 Be6 12. Qd3 Na6 13. Rac1 Nc7 14. a4 f5 1/2-1/2

[Event "BEL-chT 1819"]
[Site "Belgium"]
[Date "2019.03.31"]
[Round "10.4"]
[White "Harff, Marcel"]
[Black "Braga, Fernando Alberto"]
[Result "1/2-1/2"]
[WhiteElo "2416"]
[BlackElo "2394"]
[PlyCount "45"]
[EventDate "2018.09.30"]
[EventType "team-tourn"]
[EventRounds "11"]
[EventCountry "BEL"]
[SourceTitle "CBM 189 Extra"]
[Source "ChessBase"]
[SourceDate "2019.06.03"]
[SourceVersion "1"]
[SourceVersionDate "2019.06.03"]
[SourceQuality "1"]
[WhiteTeam "KSK Rochade"]
[BlackTeam "KSK47 Eynatten"]
[WhiteTeamCountry "BEL"]
[BlackTeamCountry "BEL"]

1. c4 c5 2. Nf3 Nf6 3. d4 cxd4 4. Nxd4 g6 5. g3 Bg7 6. Bg2 Nc6 7. 0-0 0-0 8. Nc3 Qa5 9. e3 d6 10. Bxc6 bxc6 11. Nxc6 Qc7 12. Nd5 Nxd5 13. cxd5 Bb7 14. Bd2 Rfc8 15. Rc1 Bxb2 16. Rc2 Ba3 17. Qg4 Bxc6 18. Rxc6 Qb7 19. Qe4 Rab8 20. Bc3 Bc5 21. Rxc8+ Rxc8 22. Rb1 Qd7 23. Kg2 1/2-1/2

[Event "BEL-chT 1819"]
[Site "Belgium"]
[Date "2018.09.30"]
[Round "1.4"]
[White "Braga, Fernando Alberto"]
[Black "Leenaerts, Robin"]
[Result "1-0"]
[WhiteElo "2394"]
[BlackElo "2243"]
[PlyCount "51"]
[EventDate "2018.09.30"]
[EventType "team-tourn"]
[EventRounds "11"]
[EventCountry "BEL"]
[SourceTitle "CBM 186 Extra"]
[Source "ChessBase"]
[SourceDate "2018.08.24"]
[SourceVersion "1"]
[SourceVersionDate "2018.08.24"]
[SourceQuality "1"]
[WhiteTeam "KSK47 Eynatten"]
[BlackTeam "Brasschaat"]
[WhiteTeamCountry "BEL"]
[BlackTeamCountry "BEL"]

1. c4 Nf6 2. Nf3 e6 3. g3 b6 4. Bg2 Bb7 5. 0-0 c5 6. Nc3 a6 7. Re1 Ne4 8. Nxe4 Bxe4 9. d3 Bb7 10. e4 Qc7 11. b3 e5 12. Nh4 g6 13. f4 d6 14. f5 Be7 15. Rf1 Bxh4 16. gxh4 gxf5 17. Rxf5 Nc6 18. Qh5 Bc8 19. Rf6 Nd4 20. Bg5 Ne6 21. Raf1 Ra7 22. Qh6 Rg8 23. Qxh7 Rxg5 24. Qh8+ Rg8 25. Qxg8+ Nf8 26. h5 1-0

[Event "Bundesliga 1617"]
[Site "Germany"]
[Date "2017.04.30"]
[Round "14.30"]
[White "Schneider, Stefan"]
[Black "Braga, Fernando Alberto"]
[Result "1-0"]
[WhiteElo "2346"]
[BlackElo "2422"]
[PlyCount "93"]
[EventDate "2016.10.15"]
[EventType "team-tourn"]
[EventRounds "15"]
[EventCountry "GER"]
[SourceTitle "CBM 178"]
[Source "ChessBase"]
[SourceDate "2017.05.14"]
[SourceVersion "1"]
[SourceVersionDate "2017.05.14"]
[SourceQuality "1"]
[WhiteTeam "Bayern Muenchen"]
[BlackTeam "Aachen"]
[WhiteTeamCountry "GER"]
[BlackTeamCountry "GER"]

1. d4 Nf6 2. Nf3 c5 3. d5 e6 4. Nc3 exd5 5. Nxd5 Nxd5 6. Qxd5 Nc6 7. e4 Be7 8. Bc4 0-0 9. 0-0 d6 10. Qh5 Be6 11. Bxe6 fxe6 12. Ng5 Bxg5 13. Bxg5 Qc7 14. Rad1 Rae8 15. Bh4 e5 16. c3 Re6 17. Qe2 Kh8 18. Rd3 h6 19. Rfd1 g5 20. Bg3 Rff6 21. Qh5 Kg7 22. Qg4 Qf7 23. h4 Qg6 24. hxg5 Qxg5 25. Qh3 Rg6 26. Bh4 Qg4 27. Qxg4 Rxg4 28. g3 Rgg6 29. Kh2 Kf7 30. Re1 Rg8 31. Kh3 Na5 32. Rf3+ Kg6 33. Rd1 c4 34. Re3 Rge8 35. f4 exf4 36. gxf4 Rxe4 37. Rxd6+ Kh7 38. Rd7+ Kg8 39. Rg3+ Kf8 40. Bf6 Re3 41. Bg7+ Kg8 42. f5 Rxg3+ 43. Kxg3 Nc6 44. Bxh6 Re1 45. Rg7+ Kh8 46. Rxb7 Ne7 47. f6 1-0

[Event "BL2-West 1516"]
[Site "Germany"]
[Date "2016.04.24"]
[Round "2.5"]
[White "Mundorf, Johannes"]
[Black "Braga, Fernando Alberto"]
[Result "1/2-1/2"]
[WhiteElo "2209"]
[BlackElo "2412"]
[PlyCount "48"]
[EventDate "2015.09.20"]
[EventType "team-tourn"]
[EventRounds "9"]
[EventCountry "GER"]
[SourceTitle "EXT 2017"]
[Source "ChessBase"]
[SourceDate "2016.10.25"]
[SourceVersion "1"]
[SourceVersionDate "2016.10.25"]
[SourceQuality "1"]
[WhiteTeam "Dinslaken"]
[BlackTeam "Aachen DJK"]
[WhiteTeamCountry "GER"]
[BlackTeamCountry "GER"]

1. Nf3 Nf6 2. g3 c5 3. Bg2 Nc6 4. c4 d6 5. 0-0 g6 6. b3 Bg7 7. Bb2 0-0 8. d4 cxd4 9. Nxd4 Bd7 10. Qd2 Nxd4 11. Qxd4 Bc6 12. e4 a6 13. Re1 Qa5 14. Qc3 Qxc3 15. Bxc3 Nd7 16. Bxg7 Kxg7 17. Nc3 b5 18. e5 Bxg2 19. Kxg2 bxc4 20. exd6 exd6 21. Red1 cxb3 22. axb3 Nc5 23. b4 Nb7 24. Nd5 a5 1/2-1/2

[Event "BEL-chT 1516"]
[Site "Belgium"]
[Date "2016.03.20"]
[Round "9.5"]
[White "Diepeveen, Vincent"]
[Black "Braga, Fernando Alberto"]
[Result "0-1"]
[WhiteElo "2323"]
[BlackElo "2418"]
[PlyCount "64"]
[EventDate "2015.09.27"]
[EventType "team-tourn"]
[EventRounds "11"]
[EventCountry "BEL"]
[SourceTitle "EXT 2017"]
[Source "ChessBase"]
[SourceDate "2016.10.25"]
[SourceVersion "1"]
[SourceVersionDate "2016.10.25"]
[SourceQuality "1"]
[WhiteTeam "Borgerhout"]
[BlackTeam "Wirtzfeld"]
[WhiteTeamCountry "BEL"]
[BlackTeamCountry "BEL"]

1. e4 e6 2. d4 d5 3. Nc3 Nf6 4. Bg5 Be7 5. e5 Nfd7 6. Bxe7 Qxe7 7. f4 a6 8. Nf3 c5 9. dxc5 Nc6 10. Qd2 Nxc5 11. Bd3 h6 12. h4 b5 13. Ne2 Ne4 14. Bxe4 dxe4 15. Nfd4 Bb7 16. Nxc6 Bxc6 17. 0-0-0 0-0 18. Qd6 Qb7 19. Rhe1 Rac8 20. g4 Bd5 21. Kb1 b4 22. Rxd5 exd5 23. e6 Rfd8 24. exf7+ Qxf7 25. Qxb4 d4 26. f5 d3 27. cxd3 exd3 28. Nc3 d2 29. Rd1 Qc4 30. Qa5 Qd3+ 31. Ka1 Qc2 32. a3 Rb8 0-1

[Event "BL2-West 1516"]
[Site "Germany"]
[Date "2016.01.31"]
[Round "6.7"]
[White "Braga, Fernando Alberto"]
[Black "Wittenberg, Andreas"]
[Result "1/2-1/2"]
[WhiteElo "2412"]
[BlackElo "2205"]
[PlyCount "84"]
[EventDate "2015.09.20"]
[EventType "team-tourn"]
[EventRounds "9"]
[EventCountry "GER"]
[SourceTitle "EXT 2017"]
[Source "ChessBase"]
[SourceDate "2016.10.25"]
[SourceVersion "1"]
[SourceVersionDate "2016.10.25"]
[SourceQuality "1"]
[WhiteTeam "Aachen DJK"]
[BlackTeam "Muelheim II"]
[WhiteTeamCountry "GER"]
[BlackTeamCountry "GER"]

1. Nf3 e6 2. c4 c5 3. g3 b6 4. Bg2 Bb7 5. 0-0 Nf6 6. Nc3 Be7 7. Re1 d5 8. cxd5 Nxd5 9. e4 Nf6 10. d4 cxd4 11. Nxd4 0-0 12. Be3 Bb4 13. Ndb5 Bxc3 14. Nxc3 Qxd1 15. Raxd1 e5 16. f4 Nc6 17. Nd5 Ne8 18. Rc1 Kh8 19. Red1 f6 20. b4 Rf7 21. b5 Nd8 22. Bh3 Bxd5 23. Rxd5 Nc7 24. Rd2 Nxb5 25. fxe5 fxe5 26. Rd5 Nd4 27. Bxd4 exd4 28. e5 Re7 29. Rc8 Rxc8 30. Bxc8 Nc6 31. e6 Kg8 32. Bd7 Nd8 33. Rd6 Nb7 34. Rxd4 Nc5 35. Rd6 g6 36. g4 g5 37. h3 Kg7 38. Rd5 h6 39. Bc8 Nxe6 40. Bxe6 Rxe6 41. Rd7+ Kf6 42. Rxa7 Re2 1/2-1/2

[Event "BL2-West 1516"]
[Site "Germany"]
[Date "2016.01.17"]
[Round "5.8"]
[White "Braga, Fernando Alberto"]
[Black "Sherif, Amina"]
[Result "1-0"]
[WhiteElo "2412"]
[BlackElo "1924"]
[PlyCount "67"]
[EventDate "2015.09.20"]
[EventType "team-tourn"]
[EventRounds "9"]
[EventCountry "GER"]
[SourceTitle "EXT 2017"]
[Source "ChessBase"]
[SourceDate "2016.10.25"]
[SourceVersion "1"]
[SourceVersionDate "2016.10.25"]
[SourceQuality "1"]
[WhiteTeam "Aachen DJK"]
[BlackTeam "Solingen"]
[WhiteTeamCountry "GER"]
[BlackTeamCountry "GER"]

1. Nf3 d6 2. d4 g6 3. g3 Bg7 4. Bg2 Nd7 5. 0-0 e5 6. c4 Ne7 7. Nc3 0-0 8. h3 exd4 9. Nxd4 Ne5 10. b3 Nf5 11. Nxf5 Bxf5 12. Bb2 Re8 13. Qd2 Rb8 14. Rad1 Bd7 15. f4 Nc6 16. Nd5 h5 17. Bxg7 Kxg7 18. Qc3+ f6 19. e4 Rf8 20. c5 Be6 21. cxd6 cxd6 22. Kh2 Rc8 23. Qb2 Bxd5 24. Rxd5 Ne7 25. Rd2 Qb6 26. Rfd1 Rfd8 27. Rd3 Rc7 28. g4 hxg4 29. hxg4 Nc8 30. g5 Rf8 31. e5 fxe5 32. fxe5 Rf2 33. R1d2 Rcf7 34. e6+ 1-0

[Event "BL2-West 1516"]
[Site "Germany"]
[Date "2015.09.20"]
[Round "1.8"]
[White "Titgemeyer, Sven"]
[Black "Braga, Fernando Alberto"]
[Result "0-1"]
[WhiteElo "2065"]
[BlackElo "2412"]
[PlyCount "40"]
[EventDate "2015.09.20"]
[EventType "team-tourn"]
[EventRounds "9"]
[EventCountry "GER"]
[SourceTitle "EXT 2017"]
[Source "ChessBase"]
[SourceDate "2016.10.25"]
[SourceVersion "1"]
[SourceVersionDate "2016.10.25"]
[SourceQuality "1"]
[WhiteTeam "Aachen SV"]
[BlackTeam "Aachen DJK"]
[WhiteTeamCountry "GER"]
[BlackTeamCountry "GER"]

1. e4 e6 2. d4 d5 3. Nd2 Nf6 4. e5 Nfd7 5. Bd3 c5 6. c3 Nc6 7. Ne2 cxd4 8. cxd4 f6 9. Nf4 Nxd4 10. Qh5+ Ke7 11. Ng6+ hxg6 12. exf6+ Nxf6 13. Qxh8 Kf7 14. b3 Qb6 15. Qh4 e5 16. Bb2 e4 17. Bb1 Bb4 18. Qg5 Bg4 19. Qe3 Bc5 20. Qg5 Qb5 0-1

[Event "BL2-West 1415"]
[Site "Germany"]
[Date "2015.01.18"]
[Round "5.7"]
[White "Topp, Michael"]
[Black "Braga, Fernando Alberto"]
[Result "0-1"]
[WhiteElo "2096"]
[BlackElo "2416"]
[PlyCount "56"]
[EventDate "2014.09.21"]
[EventType "team-tourn"]
[EventRounds "9"]
[EventCountry "GER"]
[SourceTitle "CBM 166 Extra"]
[Source "ChessBase"]
[SourceDate "2015.06.18"]
[SourceVersion "1"]
[SourceVersionDate "2015.06.18"]
[SourceQuality "1"]
[WhiteTeam "Emsdetten Turm II"]
[BlackTeam "Aachen Aufwaerts"]
[WhiteTeamCountry "GER"]
[BlackTeamCountry "GER"]

1. d4 Nf6 2. c4 c5 3. d5 b5 4. f3 bxc4 5. e4 d6 6. Ne2 g6 7. Na3 Bg7 8. Nxc4 0-0 9. Nc3 Nbd7 10. Be2 Nb6 11. 0-0 Nxc4 12. Bxc4 Rb8 13. Rf2 Nd7 14. Rc2 f5 15. exf5 Ne5 16. Bf1 Bxf5 17. Rd2 c4 18. h3 Bxh3 19. gxh3 Nxf3+ 20. Kg2 Qb6 21. Bxc4 Qe3 22. Re2 Nh4+ 23. Kh1 Qf3+ 24. Kg1 Bd4+ 25. Kh2 Be5+ 26. Kg1 Qg3+ 27. Kh1 Qxh3+ 28. Kg1 Bd4+ 0-1

[Event "Mittelrhein Regionalliga 1415"]
[Site "Mittelrhein"]
[Date "2015.01.11"]
[Round "5.1"]
[White "Gerusel, Mathias"]
[Black "Braga, Fernando Alberto"]
[Result "1/2-1/2"]
[WhiteElo "2167"]
[BlackElo "2367"]
[PlyCount "85"]
[EventDate "2014.09.28"]
[EventType "team-tourn"]
[EventRounds "9"]
[EventCountry "GER"]
[SourceTitle "EXT 2023"]
[Source "ChessBase"]
[SourceDate "2022.10.05"]
[SourceVersion "1"]
[SourceVersionDate "2022.10.05"]
[SourceQuality "1"]
[WhiteTeam "Godesberg III"]
[BlackTeam "Aachen DJK Aufwaerts III"]
[WhiteTeamCountry "GER"]
[BlackTeamCountry "GER"]

1. d4 Nf6 2. c4 c5 3. d5 b5 4. cxb5 a6 5. bxa6 g6 6. Nc3 Bg7 7. e4 0-0 8. Nf3 Qa5 9. Bd2 Bxa6 10. Bxa6 Qxa6 11. Qe2 e6 12. Be3 exd5 13. exd5 d6 14. Nd2 Qb7 15. Nc4 Nxd5 16. Qf3 Bxc3+ 17. bxc3 Ra7 18. Nxd6 Qc6 19. Nc4 Ra4 20. Nb2 Ra3 21. Nd1 Nxe3 22. Qxc6 Nxc6 23. fxe3 Rfa8 24. 0-0 Rxa2 25. Rxa2 Rxa2 26. Rf2 Ra1 27. Rd2 Ne5 28. h3 c4 29. Kf2 Nd3+ 30. Kf3 Kg7 31. e4 Kf6 32. Ne3 Ne5+ 33. Kf4 Nd3+ 34. Kf3 Rc1 35. Nxc4 Rxc3 36. Ne3 Ne5+ 37. Ke2 Rxe3+ 38. Kxe3 Nc4+ 39. Kd3 Nxd2 40. Kxd2 Ke5 41. Ke3 g5 42. g3 h5 43. Kd3 1/2-1/2

[Event "BL2-West 1415"]
[Site "Germany"]
[Date "2014.11.09"]
[Round "3.5"]
[White "Minor, Samuel"]
[Black "Braga, Fernando Alberto"]
[Result "1/2-1/2"]
[WhiteElo "2229"]
[BlackElo "2416"]
[PlyCount "70"]
[EventDate "2014.09.21"]
[EventType "team-tourn"]
[EventRounds "9"]
[EventCountry "GER"]
[SourceTitle "CBM 166 Extra"]
[Source "ChessBase"]
[SourceDate "2015.06.18"]
[SourceVersion "1"]
[SourceVersionDate "2015.06.18"]
[SourceQuality "1"]
[WhiteTeam "Wiesbaden"]
[BlackTeam "Aachen Aufwaerts"]
[WhiteTeamCountry "GER"]
[BlackTeamCountry "GER"]

1. e4 e6 2. d4 d5 3. exd5 exd5 4. Bd3 Nc6 5. Ne2 Bd6 6. Nbc3 Nf6 7. Nb5 0-0 8. Nxd6 Qxd6 9. Bf4 Qe7 10. c3 Bg4 11. f3 Bh5 12. 0-0 Bg6 13. Ng3 Rfe8 14. Qc2 Qd7 15. Bf5 Bxf5 16. Qxf5 Qxf5 17. Nxf5 Ne7 18. Ng3 c6 19. Rae1 Ng6 20. Bg5 Rxe1 21. Rxe1 Re8 22. Rd1 Nd7 23. Nf5 Re6 24. Kf2 f6 25. Bc1 Ne7 26. Nxe7+ Rxe7 27. b3 Kf7 28. Ba3 Re6 29. c4 Nb6 30. Bc5 Ke8 31. Bxb6 axb6 32. cxd5 cxd5 33. Re1 Rxe1 34. Kxe1 b5 35. b4 Kd7 1/2-1/2

[Event "BL2-West 1415"]
[Site "Germany"]
[Date "2014.10.19"]
[Round "2.8"]
[White "Wagenknecht, Uwe"]
[Black "Braga, Fernando Alberto"]
[Result "0-1"]
[WhiteElo "2197"]
[BlackElo "2416"]
[PlyCount "44"]
[EventDate "2014.09.21"]
[EventType "team-tourn"]
[EventRounds "9"]
[EventCountry "GER"]
[SourceTitle "CBM 166 Extra"]
[Source "ChessBase"]
[SourceDate "2015.06.18"]
[SourceVersion "1"]
[SourceVersionDate "2015.06.18"]
[SourceQuality "1"]
[WhiteTeam "Koeln Porz"]
[BlackTeam "Aachen Aufwaerts"]
[WhiteTeamCountry "GER"]
[BlackTeamCountry "GER"]

1. e4 e6 2. d4 d5 3. Bd3 dxe4 4. Bxe4 Nf6 5. Bf3 c5 6. Ne2 Nc6 7. Be3 e5 8. Bxc6+ bxc6 9. dxe5 Qxd1+ 10. Kxd1 Ng4 11. Ng3 Nxe5 12. Re1 Be6 13. Nd2 0-0-0 14. Ke2 Ng4 15. Nge4 Nxe3 16. Kxe3 g6 17. Nb3 c4 18. Nd4 Bd5 19. Nf6 Bxg2 20. c3 Bg7 21. Ne4 Bh6+ 22. f4 Rhe8 0-1

[Event "Mittelrhein Regionalliga 1314"]
[Site "Mittelrhein"]
[Date "2014.03.09"]
[Round "8.1"]
[White "Haag, Martin"]
[Black "Braga, Fernando Alberto"]
[Result "1-0"]
[WhiteElo "2270"]
[BlackElo "2396"]
[PlyCount "127"]
[EventDate "2013.09.15"]
[EventType "team-tourn"]
[EventRounds "11"]
[EventCountry "GER"]
[SourceTitle "EXT 2023"]
[Source "ChessBase"]
[SourceDate "2022.10.05"]
[SourceVersion "1"]
[SourceVersionDate "2022.10.05"]
[SourceQuality "1"]
[WhiteTeam "Bonn Beuel"]
[BlackTeam "Aachen DJK Aufwaerts III"]
[WhiteTeamCountry "GER"]
[BlackTeamCountry "GER"]

1. c4 e6 2. g3 d5 3. Bg2 Nf6 4. Nf3 Be7 5. 0-0 0-0 6. d4 c6 7. Qc2 Nbd7 8. Rd1 b6 9. Nc3 Bb7 10. b3 Rc8 11. e4 dxe4 12. Nxe4 Nxe4 13. Qxe4 Nf6 14. Qe2 Qc7 15. Bf4 Bd6 16. Bxd6 Qxd6 17. Ne5 Rfd8 18. Rac1 Qe7 19. c5 bxc5 20. dxc5 Rxd1+ 21. Qxd1 Nd5 22. Qe1 Ba6 23. Nxc6 Rxc6 24. Bxd5 Rxc5 25. Rxc5 Qxc5 26. Bxe6 g6 27. Bc4 Bxc4 28. Qc1 Qa5 29. bxc4 Qxa2 30. c5 Qa5 31. c6 Qc7 32. Qc5 a6 33. Qc4 Kf8 34. Qxa6 Ke7 35. Qa3+ Ke6 36. Qc5 f6 37. Kg2 Qc8 38. h4 Qa6 39. h5 Qc8 40. hxg6 hxg6 41. Kh2 Qh8+ 42. Kg1 Qc8 43. Qb6 Ke7 44. Kg2 Ke8 45. Kg1 Qd8 46. Qe3+ Kf7 47. Qc5 Qc7 48. Kg2 Ke6 49. Kf3 Qc8 50. Ke4 Qc7 51. f4 f5+ 52. Kd4 Qd8+ 53. Kc4 Qa8 54. Qe5+ Kf7 55. Kb5 Qa2 56. c7 Qb3+ 57. Kc6 Qc4+ 58. Kd6 Qa6+ 59. Kd7 Qa4+ 60. Kd8 Qd1+ 61. Kc8 Qd3 62. Qc5 Qb3 63. Qd6 Qa2 64. Kd8 1-0

[Event "Mittelrhein Regionalliga 1314"]
[Site "Mittelrhein"]
[Date "2013.11.24"]
[Round "4.1"]
[White "Gerusel, Mathias"]
[Black "Braga, Fernando Alberto"]
[Result "0-1"]
[WhiteElo "2172"]
[BlackElo "2396"]
[PlyCount "96"]
[EventDate "2013.09.15"]
[EventType "team-tourn"]
[EventRounds "11"]
[EventCountry "GER"]
[SourceTitle "EXT 2023"]
[Source "ChessBase"]
[SourceDate "2022.10.05"]
[SourceVersion "1"]
[SourceVersionDate "2022.10.05"]
[SourceQuality "1"]
[WhiteTeam "Godesberg III"]
[BlackTeam "Aachen DJK Aufwaerts III"]
[WhiteTeamCountry "GER"]
[BlackTeamCountry "GER"]

1. d4 Nf6 2. c4 e6 3. Nc3 d5 4. Bg5 dxc4 5. e3 a6 6. a4 c5 7. dxc5 Qa5 8. Bxf6 gxf6 9. Bxc4 Qb4 10. Qb3 Bxc5 11. Nge2 Nc6 12. 0-0 Ne5 13. Qxb4 Bxb4 14. Bb3 b6 15. Bc2 Bb7 16. Be4 Bxe4 17. Nxe4 f5 18. N4c3 0-0-0 19. Rfd1 Rxd1+ 20. Rxd1 Rd8 21. Rxd8+ Kxd8 22. Na2 Be7 23. Nec1 Bf6 24. b3 Nd7 25. Nd3 Kc7 26. Nab4 a5 27. Nc2 e5 28. f3 e4 29. fxe4 fxe4 30. Nf2 Nc5 31. Na3 Bg5 32. Nc4 f5 33. Nh1 Nxb3 34. Ng3 Nd2 35. Nxd2 Bxe3+ 36. Kf1 Bxd2 37. Ke2 Bf4 38. Nxf5 Bxh2 39. Ke3 Kc6 40. Kxe4 Kc5 41. Ne3 Bg1 42. Nd5 Kc4 43. Nf6 h6 44. g4 b5 45. axb5 a4 46. Nd5 a3 47. b6 a2 48. b7 Ba7 0-1

[Event "EU-Cup 27th"]
[Site "Rogaska Slatina"]
[Date "2011.09.30"]
[Round "6"]
[White "Braga, Fernando Alberto"]
[Black "Bartel, Mateusz"]
[Result "0-1"]
[WhiteElo "2438"]
[BlackElo "2627"]
[PlyCount "104"]
[EventDate "2011.09.25"]
[EventType "team-swiss"]
[EventRounds "7"]
[EventCountry "SLO"]
[SourceTitle "CBM 145"]
[Source "ChessBase"]
[SourceDate "2011.11.11"]
[SourceVersion "1"]
[SourceVersionDate "2011.11.11"]
[SourceQuality "1"]
[WhiteTeam "Nereto"]
[BlackTeam "Novy Bor"]
[WhiteTeamCountry "ITA"]
[BlackTeamCountry "CZE"]

1. e4 e5 2. Nf3 Nc6 3. Bb5 a6 4. Ba4 Nf6 5. d4 exd4 6. 0-0 b5 7. Bb3 d6 8. Bd5 Nxd5 9. exd5 Ne5 10. Nxd4 Bd7 11. f4 Ng4 12. a4 Nf6 13. Nc6 Bxc6 14. dxc6 Be7 15. Re1 b4 16. Qe2 d5 17. c4 dxc4 18. Nd2 Nd5 19. Nxc4 0-0 20. Bd2 Bc5+ 21. Kh1 Re8 22. Qf3 Rxe1+ 23. Bxe1 Nf6 24. Rd1 Qe8 25. Ne5 Bd6 26. Bg3 h6 27. h3 a5 28. Re1 Qe6 29. Nd7 Qf5 30. Nxf6+ Qxf6 31. b3 Qf5 32. Kh2 Kh7 33. Rd1 Ra6 34. Rc1 Ra8 35. Rd1 Qc2 36. Qd5 Kg8 37. Rd2 Qg6 38. Re2 h5 39. Re4 Rd8 40. Qc4 Qf6 41. h4 Qf5 42. Rd4 Re8 43. Rd5 Qe6 44. Bf2 Bxf4+ 45. g3 Bd6 46. Rxa5 Qxc4 47. bxc4 Re2 48. Kg2 Rc2 49. Ra8+ Kh7 50. Kf3 Rxc4 51. a5 b3 52. Rb8 Bb4 0-1

[Event "EU-Cup 27th"]
[Site "Rogaska Slatina"]
[Date "2011.09.29"]
[Round "5"]
[White "Braga, Fernando Alberto"]
[Black "Koykka, Pekka"]
[Result "1/2-1/2"]
[WhiteElo "2438"]
[BlackElo "2217"]
[PlyCount "52"]
[EventDate "2011.09.25"]
[EventType "team-swiss"]
[EventRounds "7"]
[EventCountry "SLO"]
[SourceTitle "CBM 145"]
[Source "ChessBase"]
[SourceDate "2011.11.11"]
[SourceVersion "1"]
[SourceVersionDate "2011.11.11"]
[SourceQuality "1"]
[WhiteTeam "Nereto"]
[BlackTeam "Tammer Shakki"]
[WhiteTeamCountry "ITA"]
[BlackTeamCountry "FIN"]

1. Nf3 Nf6 2. c4 e6 3. g3 d5 4. Bg2 Be7 5. d4 0-0 6. Qc2 dxc4 7. 0-0 a6 8. a4 Bd7 9. Nbd2 Bc6 10. Nxc4 Be4 11. Qb3 Nc6 12. Be3 Qd5 13. Ncd2 Nxd4 14. Bxd4 Bxf3 15. Bxf6 Bxf6 16. Bxf3 Qxd2 17. Qxb7 Rab8 18. Qxa6 Bxb2 19. Rad1 Qb4 20. Qc6 Qa5 21. Rb1 g6 22. Kg2 Rb4 23. Qc2 Rfb8 24. Bc6 R4b6 25. h4 Qa6 26. Bf3 c5 1/2-1/2

[Event "EU-Cup 27th"]
[Site "Rogaska Slatina"]
[Date "2011.09.26"]
[Round "2"]
[White "Sutovsky, Emil"]
[Black "Braga, Fernando Alberto"]
[Result "1-0"]
[WhiteElo "2690"]
[BlackElo "2438"]
[PlyCount "65"]
[EventDate "2011.09.25"]
[EventType "team-swiss"]
[EventRounds "7"]
[EventCountry "SLO"]
[SourceTitle "CBM 145"]
[Source "ChessBase"]
[SourceDate "2011.11.11"]
[SourceVersion "1"]
[SourceVersionDate "2011.11.11"]
[SourceQuality "1"]
[WhiteTeam "SOCAR"]
[BlackTeam "Nereto"]
[WhiteTeamCountry "AZE"]
[BlackTeamCountry "ITA"]

1. e4 c5 2. Nf3 d6 3. d4 Nf6 4. Nc3 cxd4 5. Nxd4 Nc6 6. Bg5 Qb6 7. Nb3 e6 8. Qd2 a6 9. 0-0-0 Be7 10. h4 h6 11. Be3 Qc7 12. f3 h5 13. Kb1 b5 14. Bxb5 axb5 15. Nxb5 Qb8 16. Nxd6+ Kf8 17. Qc3 Bd7 18. Bc5 Kg8 19. Rd2 Be8 20. Rhd1 Kh7 21. a3 Rg8 22. Qe3 Nd7 23. f4 Nxc5 24. Qxc5 g6 25. f5 Bf6 26. fxe6 fxe6 27. Nxe8 Qxe8 28. Rd7+ Ne7 29. g3 e5 30. Qd6 Rf8 31. Nc5 Kh8 32. Ne6 Rf7 33. Nc7 1-0